Catálogo
 En Linea

Poesía de la Argentina : (Registro nro. 18936)

Detalles MARC
000 -CABECERA
campo de control de longitud fija 00697nam a2200217 a 4500
001 - NÚMERO DE CONTROL
campo de control 000019420
005 - FECHA Y HORA DE LA ÚLTIMA TRANSACCIÓN
campo de control 20200929170019.0
008 - DATOS DE LONGITUD FIJA--INFORMACIÓN GENERAL
campo de control de longitud fija 100628s1977 ag r 000 p spa d
040 ## - FUENTE DE LA CATALOGACIÓN
Centro catalogador/agencia de origen DO-SdBNP
Lengua de catalogación spa
Centro/agencia transcriptor BNPHU
082 ## - NÚMERO DE LA CLASIFICACIÓN DECIMAL DEWEY
Número de clasificación A861
Número de documento/Ítem P745a
049 ## - FONDOS LOCALES (OCLC)
Fondos de biblioteca BNGR
245 00 - MENCIÓN DE TÍTULO
Título Poesía de la Argentina :
Resto del título de Tejada a Lugones.
250 ## - MENCIÓN DE EDICIÓN
Mención de edición 2a ed.
260 ## - PUBLICACIÓN, DISTRIBUCIÓN, ETC.
Lugar de publicación, distribución, etc. Buenos Aires, Argentina :
Nombre del editor, distribuidor, etc. Editorial Universitaria de Buenos Aires,
Fecha de publicación, distribución, etc. 1977.
300 ## - DESCRIPCIÓN FÍSICA
Extensión 126 p. ; :
Otras características físicas 18 cm.
490 1# - MENCIÓN DE SERIE
Mención de serie Colección nuevo mun do EUDEBA
500 ## - NOTA GENERAL
Nota general Incluye bibliografía pág. [125-126].
650 #4 - PUNTO DE ACCESO ADICIONAL DE MATERIA--TÉRMINO DE MATERIA
Término de materia o nombre geográfico como elemento de entrada Poesía argentina
9 (RLIN) 3859
650 #4 - PUNTO DE ACCESO ADICIONAL DE MATERIA--TÉRMINO DE MATERIA
Término de materia o nombre geográfico como elemento de entrada Literatura argentina
9 (RLIN) 3860
830 #0 - PUNTO DE ACCESO ADICIONAL DE SERIE-TÍTULO UNIFORME
Título uniforme Colección nuevo mun do EUDEBA
9 (RLIN) 41685
Existencias
Estado de retiro Estado de pérdida Restricciones de uso No para préstamo Código de colección Localización permanente Ubicación/localización actual Ubicación en estantería Fecha de adquisición Número de inventario Total de préstamos Signatura topográfica completa Código de barras Fecha visto por última vez Precio válido a partir de Tipo de ítem Koha
        Monografías: Libros y Folletos General General En catalogación 28.06.2010 LF1   A861 P745a 19420-10 25.06.2020 25.06.2020 Préstamo en sala

Con tecnología Koha